[Event "SWE-chT 2324 Elite"]
[Site "Sweden"]
[Date "2024.03.10"]
[Round "9.8"]
[White "Eriksson, Anders"]
[Black "Sevastianov, Andrii"]
[Result "1/2-1/2"]
[WhiteElo "2198"]
[BlackElo "2166"]
[PlyCount "103"]
[EventDate "2023.10.13"]
[EventType "team-tourn"]
[EventRounds "9"]
[EventCountry "SWE"]
[SourceTitle "EXT 2025"]
[Source "ChessBase"]
[SourceDate "2024.10.14"]
[SourceVersion "1"]
[SourceVersionDate "2024.10.14"]
[SourceQuality "1"]
[WhiteTeam "Vasteras"]
[BlackTeam "Vaxjo"]
[WhiteTeamCountry "SWE"]
[BlackTeamCountry "SWE"]

1. Nf3 e6 2. g3 d5 3. d4 c5 4. c4 Nc6 5. cxd5 exd5 6. Bg2 Nf6 7. 0-0 cxd4 8. Nxd4 Be7 9. Nc3 0-0 10. Bg5 h6 11. Be3 Re8 12. Rc1 Be6 13. Nxc6 bxc6 14. Na4 Qa5 15. b3 Rac8 16. Qd2 Bb4 17. Qb2 Nd7 18. Bd4 Bf8 19. e3 Bf5 20. Rfd1 f6 21. Qd2 Bb4 22. Bc3 Bxc3 23. Qxc3 Qb5 24. Nc5 Ne5 25. f4 Nd7 26. Nxd7 Bxd7 27. Kf2 Qa6 28. Rd2 Re7 29. Qd3 Qb6 30. Qd4 Rce8 31. Rc3 Qa5 32. Bf3 Qb6 33. Qxb6 axb6 34. b4 b5 35. a3 f5 36. Bd1 Ra8 37. Ra2 Kf7 38. Bc2 Ke6 39. h3 Kd6 40. Kf3 h5 41. h4 g6 42. Bb1 Be8 43. Ke2 Bf7 44. Rd2 Rea7 45. Rdd3 Kc7 46. Kd2 Kb6 47. Kc1 Be6 48. Kb2 Bf7 49. Bc2 Be6 50. Rd1 Bf7 51. Ra1 Be8 52. Rd1 1/2-1/2

[Event "SWE-chT 2122 Elite"]
[Site "Sweden"]
[Date "2022.05.14"]
[Round "8.1"]
[White "Malesevic, Nedeljko"]
[Black "Eriksson, Anders"]
[Result "1-0"]
[WhiteElo "2234"]
[BlackElo "2225"]
[PlyCount "113"]
[EventDate "2021.12.03"]
[EventType "team-tourn"]
[EventRounds "9"]
[EventCountry "SWE"]
[SourceTitle "EXT 2023"]
[Source "ChessBase"]
[SourceDate "2022.10.05"]
[SourceVersion "1"]
[SourceVersionDate "2022.10.05"]
[SourceQuality "1"]
[WhiteTeam "Eksjo"]
[BlackTeam "Vasteras"]
[WhiteTeamCountry "SWE"]
[BlackTeamCountry "SWE"]

1. d4 Nf6 2. c4 e6 3. Nf3 Bb4+ 4. Nbd2 0-0 5. a3 Be7 6. e4 d5 7. e5 Nfd7 8. cxd5 exd5 9. Bd3 c5 10. Qc2 h6 11. 0-0 Nc6 12. Re1 c4 13. Bf5 Nb6 14. Nf1 Bxf5 15. Qxf5 Qc8 16. Qh5 Qe6 17. Ne3 Rfe8 18. Ng4 Qg6 19. Qxg6 fxg6 20. Ne3 Red8 21. Nd1 g5 22. h3 Kf7 23. Nc3 Ke6 24. Be3 Rac8 25. g3 Na5 26. Re2 a6 27. Rf1 Na8 28. Ne1 Rf8 29. f4 gxf4 30. gxf4 Rf7 31. f5+ Rxf5 32. Rxf5 Kxf5 33. Nxd5 Nc6 34. Ng2 Rd8 35. Rf2+ Kg6 36. Ngf4+ Kh7 37. Nxe7 Nxe7 38. Ne6 Re8 39. Rf8 Rxf8 40. Nxf8+ Kg8 41. Ne6 Nd5 42. Kf2 Nac7 43. Nd8 b5 44. Bd2 Kf8 45. Kf3 Ke7 46. Nb7 Kd7 47. Ke4 Kc6 48. Nc5 Kb6 49. Ne6 c3 50. bxc3 Nxc3+ 51. Bxc3 Nxe6 52. Kd5 Ng5 53. e6 Kc7 54. Ba5+ Kc8 55. Kd6 Ne4+ 56. Kc6 g5 57. d5 1-0

[Event "SWE-chT 2122 Elite"]
[Site "Sweden"]
[Date "2022.04.09"]
[Round "2"]
[White "Eriksson, Anders"]
[Black "Trost, Edvin"]
[Result "0-1"]
[WhiteElo "2225"]
[BlackElo "2271"]
[PlyCount "120"]
[EventDate "2021.12.03"]
[EventType "team-tourn"]
[EventRounds "9"]
[EventCountry "SWE"]
[SourceTitle "EXT 2024"]
[Source "ChessBase"]
[SourceDate "2023.10.10"]
[SourceVersion "1"]
[SourceVersionDate "2023.10.10"]
[SourceQuality "1"]
[WhiteTeam "Vasteras"]
[BlackTeam "Stockholm Rockaden"]
[WhiteTeamCountry "SWE"]
[BlackTeamCountry "SWE"]

1. Nf3 d5 2. d4 Nf6 3. g3 c6 4. Bg2 Bg4 5. Nbd2 e6 6. c4 Nbd7 7. h3 Bf5 8. Nh4 Bg6 9. Nxg6 hxg6 10. Qb3 Qb6 11. 0-0 Be7 12. Nf3 Qa6 13. cxd5 cxd5 14. e3 0-0 15. Bd2 Rfc8 16. Rfc1 Ne4 17. Be1 Qb6 18. Qxb6 Nxb6 19. Ne5 g5 20. Bf3 f6 21. Nd3 Kf7 22. Kg2 Nc4 23. a4 b6 24. Bd1 Rab8 25. b3 Na5 26. f3 Nd6 27. g4 Rc6 28. Rxc6 Nxc6 29. Rc1 Rc8 30. h4 gxh4 31. Bxh4 a5 32. Bg3 Nb4 33. Rxc8 Nxc8 34. Nc1 Bd6 35. Be1 Ne7 36. Bd2 Nec6 37. Be2 Nc2 38. Na2 e5 39. dxe5 fxe5 40. Bd1 N6b4 41. Nc3 Ke6 42. e4 Nd4 43. Kg3 dxe4 44. Nxe4 Nd3 45. Bc3 Kd5 46. Kh4 Be7+ 47. Kg3 Bb4 48. Ba1 Be1+ 49. Kg2 Nc1 50. Bxd4 exd4 51. Kf1 Bh4 52. Nd2 d3 53. Nc4 Kc5 54. f4 Na2 55. Ne5 Nc1 56. Kg2 Kb4 57. g5 Be1 58. f5 Bc3 59. Nd7 Nxb3 60. Nxb6 Nd4 0-1

[Event "SWE-chT 2122 Elite"]
[Site "Sweden"]
[Date "2022.03.20"]
[Round "5.4"]
[White "Jogstad, Martin"]
[Black "Eriksson, Anders"]
[Result "1-0"]
[WhiteElo "2335"]
[BlackElo "2225"]
[PlyCount "187"]
[EventDate "2021.12.03"]
[EventType "team-tourn"]
[EventRounds "9"]
[EventCountry "SWE"]
[SourceTitle "EXT 2023"]
[Source "ChessBase"]
[SourceDate "2022.10.05"]
[SourceVersion "1"]
[SourceVersionDate "2022.10.05"]
[SourceQuality "1"]
[WhiteTeam "Lunds"]
[BlackTeam "Vasteras"]
[WhiteTeamCountry "SWE"]
[BlackTeamCountry "SWE"]

1. d4 Nf6 2. Nf3 e6 3. g3 b5 4. Bg2 Bb7 5. 0-0 c5 6. c3 Na6 7. Bg5 Be7 8. Nbd2 0-0 9. a4 b4 10. Nc4 bxc3 11. bxc3 cxd4 12. cxd4 Nb4 13. Bxf6 gxf6 14. Qd2 Rc8 15. Rfc1 Ba6 16. Ne3 d5 17. Bh3 Kh8 18. Rxc8 Bxc8 19. a5 Nc6 20. Rc1 Bd7 21. a6 Nb4 22. Ng4 Nxa6 23. Qh6 Nb4 24. Rc7 Rg8 25. Rxa7 Nc6 26. Ra1 Qf8 27. Qf4 Qb8 28. Qc1 Rg6 29. Ne3 f5 30. Ng2 Rg8 31. Nf4 Qd6 32. Nd3 f6 33. Rb1 e5 34. Nc5 e4 35. Nb7 Qc7 36. Nh4 Rb8 37. Qh6 Kg8 38. Bxf5 Bxf5 39. Nxf5 Bf8 40. Qxf6 Rxb7 41. Rc1 Rb6 42. Qg5+ Kh8 43. Ne3 Qf7 44. Nxd5 h6 45. Qf4 Qxf4 46. Nxf4 Nxd4 47. Rc8 Kg7 48. Rc4 Ne6 49. Rxe4 Nxf4 50. Rxf4 Rb2 51. Kf1 Bd6 52. Rd4 Be5 53. Rc4 Rd2 54. Rc6 Bf6 55. e3 Ra2 56. Kg2 Be7 57. Re6 Bb4 58. Re4 Be1 59. Rf4 Kg6 60. Rf8 Kg7 61. Rf4 Kg6 62. Kf1 Ba5 63. Rc4 Ra1+ 64. Kg2 Ra2 65. Rc1 Bd2 66. Rc6+ Kg7 67. Kf1 Bb4 68. h4 h5 69. Rc4 Rb2 70. Rc1 Kg6 71. Rc6+ Kg7 72. Rc1 Kg6 73. Kg2 Bd2 74. Rc6+ Kg7 75. Kf1 Ba5 76. Rc5 Rb1+ 77. Kg2 Be1 78. Rxh5 Rb2 79. Rf5 Bd2 80. Kh3 Be1 81. f3 Bd2 82. e4 Rb3 83. Kg4 Be1 84. Rd5 Kf7 85. Rd1 Bf2 86. Rf1 Rb2 87. f4 Bb6 88. Rf3 Kg6 89. Rc3 Bf2 90. e5 Rb4 91. Kf3 Bd4 92. Rc6+ Kf7 93. g4 Ra4 94. h5 1-0

[Event "SWE-chT 1819 Superettan"]
[Site "Sweden"]
[Date "2018.11.11"]
[Round "3"]
[White "Eriksson, Anders"]
[Black "Welin, Mats Erik Thomas"]
[Result "1/2-1/2"]
[WhiteElo "2230"]
[BlackElo "2328"]
[PlyCount "132"]
[EventDate "2018.11.09"]
[EventType "team-tourn"]
[EventRounds "9"]
[EventCountry "SWE"]
[SourceTitle "EXT 2020"]
[Source "ChessBase"]
[SourceDate "2019.10.17"]
[SourceVersion "1"]
[SourceVersionDate "2019.10.17"]
[SourceQuality "1"]
[WhiteTeam "Vasteras II"]
[BlackTeam "Manhem"]
[WhiteTeamCountry "SWE"]
[BlackTeamCountry "SWE"]

1. Nf3 d5 2. g3 Nf6 3. Bg2 c6 4. 0-0 Bg4 5. d4 e6 6. c4 Be7 7. Ne5 Bh5 8. Nd2 0-0 9. b3 a5 10. a3 Nbd7 11. Nd3 Bg6 12. Bb2 Re8 13. Re1 Qb6 14. Nf4 Bf5 15. e3 h6 16. c5 Qc7 17. b4 e5 18. Ne2 exd4 19. exd4 Bg4 20. Nb3 axb4 21. axb4 Rxa1 22. Bxa1 Bf8 23. Bc3 Ne4 24. Bb2 Ng5 25. Qd3 Nf6 26. f3 Bh3 27. Bc3 Bxg2 28. Kxg2 Qd7 29. Ng1 Rxe1 30. Bxe1 Be7 31. Bd2 Ne6 32. Ne2 Bd8 33. Nc3 h5 34. h4 g6 35. b5 Ne8 36. b6 N8g7 37. Ne2 Nf5 38. Nf4 Neg7 39. Kf2 Bf6 40. Ne2 Ne6 41. Bf4 Qe7 42. Qd2 g5 43. hxg5 Nxg5 44. Qd3 Qd7 45. Bc7 Ng7 46. Ke3 Qh3 47. Bf4 N7e6 48. Nd2 Nxf4 49. gxf4 Ne6 50. Qb1 Ng7 51. Qg1 Kh7 52. Qf1 Qe6+ 53. Kd3 h4 54. Qg1 Nf5 55. Nf1 Nh6 56. Ne3 Qh3 57. Qf2 Qc8 58. Qg2 Qa8 59. Ng4 Qa6+ 60. Ke3 Nf5+ 61. Kf2 Bg7 62. Ne5 Qa2 63. Qg5 Nxd4 64. Qh5+ Kg8 65. Qxf7+ Kh7 66. Qg6+ Kg8 1/2-1/2

[Event "SWE-chT 1819 Superettan"]
[Site "Sweden"]
[Date "2018.11.10"]
[Round "2"]
[White "Christiansen, Johan Sebastian"]
[Black "Eriksson, Anders"]
[Result "1-0"]
[WhiteElo "2525"]
[BlackElo "2230"]
[PlyCount "79"]
[EventDate "2018.11.09"]
[EventType "team-tourn"]
[EventRounds "9"]
[EventCountry "SWE"]
[SourceTitle "EXT 2020"]
[Source "ChessBase"]
[SourceDate "2019.10.17"]
[SourceVersion "1"]
[SourceVersionDate "2019.10.17"]
[SourceQuality "1"]
[WhiteTeam "Vaxjo"]
[BlackTeam "Vasteras II"]
[WhiteTeamCountry "SWE"]
[BlackTeamCountry "SWE"]

1. Nf3 Nf6 2. c4 c5 3. g3 b6 4. Bg2 Bb7 5. 0-0 e6 6. Nc3 Be7 7. Re1 0-0 8. e4 d6 9. d4 cxd4 10. Nxd4 Qc8 11. Be3 a6 12. Rc1 Nbd7 13. f4 Re8 14. Bf2 h6 15. b3 Ra7 16. h3 Ba8 17. Qd2 Rc7 18. g4 Nh7 19. Nf3 Qb8 20. a4 Nc5 21. Rb1 Rd8 22. Bg3 Bf6 23. Nd4 e5 24. Nf5 exf4 25. Bxf4 Be5 26. Nd5 Rcd7 27. Bxe5 dxe5 28. Qe3 Nf8 29. a5 Bxd5 30. exd5 Ng6 31. axb6 Qxb6 32. b4 Na4 33. c5 Qb5 34. Bf1 Qb8 35. d6 Qb7 36. Rec1 Qd5 37. Bg2 Qe6 38. Bc6 Nf4 39. Bxa4 Qa2 40. Bc2 1-0

[Event "SWE-chT 1718 Superettan"]
[Site "Sweden"]
[Date "2017.10.20"]
[Round "1"]
[White "Bengtsson, Jonas"]
[Black "Eriksson, Anders"]
[Result "0-1"]
[WhiteElo "2096"]
[BlackElo "2239"]
[PlyCount "88"]
[EventDate "2017.10.20"]
[EventType "team-tourn"]
[EventRounds "9"]
[EventCountry "SWE"]
[SourceTitle "EXT 2019"]
[Source "ChessBase"]
[SourceDate "2018.10.10"]
[SourceVersion "1"]
[SourceVersionDate "2018.10.10"]
[SourceQuality "1"]
[WhiteTeam "Manhem"]
[BlackTeam "Vasteras"]
[WhiteTeamCountry "SWE"]
[BlackTeamCountry "SWE"]

1. d4 Nf6 2. c4 e6 3. Nc3 Bb4 4. e3 c5 5. Bd3 Nc6 6. Nf3 Bxc3+ 7. bxc3 d6 8. 0-0 e5 9. Nd2 0-0 10. Rb1 b6 11. h3 Ba6 12. Qa4 Qc8 13. Ne4 Ne8 14. d5 Ne7 15. Qc2 f5 16. Ng3 g6 17. f4 Nf6 18. Bd2 Qc7 19. Rf2 Rae8 20. Bf1 Nc8 21. Re1 Re7 22. Qb1 h5 23. Bd3 Rfe8 24. Rff1 exf4 25. exf4 h4 26. Rxe7 Rxe7 27. Nh1 Ne4 28. Be1 Re8 29. Qc2 Qe7 30. Qe2 Qf6 31. Qc2 Kg7 32. Bd2 Nxd2 33. Qxd2 Qe7 34. Nf2 Qe3 35. Qxe3 Rxe3 36. Rd1 Ne7 37. a4 Kf6 38. a5 bxa5 39. Ra1 Nxd5 40. Rxa5 Nc7 41. Kf1 Ke7 42. Ra3 d5 43. Be2 dxc4 44. Ke1 Re6 0-1

[Event "SWE-chT2 1617"]
[Site "Sweden"]
[Date "2016.10.14"]
[Round "1.4"]
[White "Rydstrom, Tom"]
[Black "Eriksson, Anders"]
[Result "1-0"]
[WhiteElo "2307"]
[BlackElo "2265"]
[PlyCount "61"]
[EventDate "2016.10.14"]
[EventType "team-tourn"]
[EventRounds "9"]
[EventCountry "SWE"]
[SourceTitle "EXT 2017"]
[Source "ChessBase"]
[SourceDate "2016.10.25"]
[SourceVersion "1"]
[SourceVersionDate "2016.10.25"]
[SourceQuality "1"]
[WhiteTeam "Vaxjo"]
[BlackTeam "Vasteras"]
[WhiteTeamCountry "SWE"]
[BlackTeamCountry "SWE"]

1. e4 c6 2. Nc3 d5 3. Nf3 Bg4 4. h3 Bxf3 5. Qxf3 e6 6. d3 Nf6 7. Bd2 Nbd7 8. g4 Bb4 9. g5 Ng8 10. a3 Ba5 11. b4 Bb6 12. h4 Ne7 13. h5 a5 14. Rb1 axb4 15. axb4 Ra3 16. Bh3 Bd4 17. Ne2 Be5 18. c3 Qa8 19. d4 Bc7 20. Nf4 Ra1 21. 0-0 Rxb1 22. Rxb1 g6 23. exd5 cxd5 24. Re1 Qa2 25. Bc1 0-0 26. hxg6 hxg6 27. Be3 Bd6 28. Kg2 Nb6 29. Bg4 Kg7 30. Rh1 Rh8 31. Nxe6+ 1-0

[Event "SWE-chT 1516"]
[Site "Sweden"]
[Date "2016.03.18"]
[Round "7.5"]
[White "Eriksson, Anders"]
[Black "Persson, Mats Ove"]
[Result "0-1"]
[WhiteElo "2282"]
[BlackElo "2025"]
[PlyCount "98"]
[EventDate "2015.11.06"]
[EventType "team-tourn"]
[EventRounds "9"]
[EventCountry "SWE"]
[SourceTitle "EXT 2017"]
[Source "ChessBase"]
[SourceDate "2016.10.25"]
[SourceVersion "1"]
[SourceVersionDate "2016.10.25"]
[SourceQuality "1"]
[WhiteTeam "Vasteras"]
[BlackTeam "Burgsvik Alva"]
[WhiteTeamCountry "SWE"]
[BlackTeamCountry "SWE"]

1. Nf3 d5 2. g3 c6 3. Bg2 Bg4 4. Ne5 Bh5 5. d4 Nd7 6. Nxd7 Qxd7 7. Nd2 Nf6 8. Nf3 e6 9. Ne5 Qc7 10. 0-0 Bd6 11. Nd3 0-0 12. Bf4 Bg6 13. c3 Be4 14. Bh3 Bf5 15. Bxf5 exf5 16. Rc1 Rfe8 17. e3 Ne4 18. b3 Rad8 19. Re1 Qa5 20. Bxd6 Rxd6 21. a4 Rh6 22. Qc2 Qd8 23. c4 Ng5 24. Kg2 Qe7 25. Nf4 dxc4 26. bxc4 Qd7 27. h4 Ne4 28. c5 Nf6 29. Qb3 Re7 30. f3 Nd5 31. Nxd5 cxd5 32. Qb5 Ra6 33. Qxd7 Rxd7 34. Ra1 Kf8 35. Reb1 Re7 36. Ra3 Ke8 37. Rb4 Kd8 38. h5 Kc8 39. Kh3 Rae6 40. Rbb3 g5 41. g4 f4 42. exf4 gxf4 43. g5 f5 44. Ra1 Re2 45. Rg1 Rf2 46. g6 Ree2 47. Rh1 hxg6 48. Kh4 Rg2 49. hxg6 Re8 0-1

[Event "SWE-chT 1415 Elite"]
[Site "Sweden"]
[Date "2015.03.21"]
[Round "8.4"]
[White "Lindberg, Bo"]
[Black "Eriksson, Anders"]
[Result "1-0"]
[WhiteElo "2413"]
[BlackElo "2278"]
[PlyCount "99"]
[EventDate "2014.11.21"]
[EventType "team-tourn"]
[EventRounds "9"]
[EventCountry "SWE"]
[SourceTitle "EXT 2016"]
[Source "ChessBase"]
[SourceDate "2015.10.08"]
[SourceVersion "1"]
[SourceVersionDate "2015.10.08"]
[SourceQuality "1"]
[WhiteTeam "Stockholm Viking"]
[BlackTeam "Vasteras"]
[WhiteTeamCountry "SWE"]
[BlackTeamCountry "SWE"]

1. d4 Nf6 2. Bg5 e6 3. e4 h6 4. Bxf6 Qxf6 5. c3 d6 6. Bd3 e5 7. Ne2 g6 8. 0-0 Bg7 9. f4 exd4 10. cxd4 0-0 11. Nbc3 Qd8 12. f5 Nd7 13. e5 dxe5 14. fxg6 fxg6 15. Bxg6 exd4 16. Qb3+ Kh8 17. Ne4 Ne5 18. Rxf8+ Qxf8 19. Rf1 Qe7 20. Bf5 Bxf5 21. Rxf5 Qd7 22. Qxb7 Rd8 23. Rf1 d3 24. N2c3 Ng4 25. h3 Qd4+ 26. Kh1 Ne3 27. Rf2 Qb6 28. Qxb6 axb6 29. Rf3 Nc4 30. b3 Nb2 31. Nb1 Re8 32. Nbd2 Kg8 33. g4 Re6 34. Kg2 Rc6 35. Rf5 Rc2 36. Kf3 Bd4 37. a4 Kg7 38. Rd5 Bf6 39. Kf4 Bg5+ 40. Nxg5 Rxd2 41. Rd7+ Kg8 42. Ne4 Re2 43. Kf3 Rc2 44. h4 d2 45. Rxd2 Rxd2 46. Nxd2 Kf7 47. Ke2 Ke6 48. Nc4 Nxc4 49. bxc4 Ke5 50. Ke3 1-0

[Event "SWE-chT 1314"]
[Site "Sweden"]
[Date "2014.03.09"]
[Round "9.5"]
[White "Eriksson, Anders"]
[Black "Rahul, Kumar Pune"]
[Result "1-0"]
[WhiteElo "2310"]
[BlackElo "2202"]
[PlyCount "67"]
[EventDate "2013.11.22"]
[EventType "team-tourn"]
[EventRounds "9"]
[EventCountry "SWE"]
[SourceTitle "EXT 2015"]
[Source "ChessBase"]
[SourceDate "2014.11.20"]
[SourceVersion "1"]
[SourceVersionDate "2014.11.20"]
[SourceQuality "1"]
[WhiteTeam "Vasteras"]
[BlackTeam "Orgryte"]
[WhiteTeamCountry "SWE"]
[BlackTeamCountry "SWE"]

1. Nf3 d6 2. g3 g6 3. Bg2 Bg7 4. 0-0 e6 5. c4 Ne7 6. Nc3 Nd7 7. d4 a6 8. Qc2 Rb8 9. Rd1 0-0 10. e4 c6 11. Bf4 Nf6 12. c5 Ne8 13. Na4 b5 14. cxd6 Nxd6 15. Nc5 Ra8 16. a4 a5 17. Ne5 f6 18. Nf3 Kh8 19. e5 Ne8 20. exf6 Nxf6 21. Ng5 Qb6 22. Ngxe6 Bxe6 23. Nxe6 Nfd5 24. Nxf8 Nxf4 25. Nd7 Qc7 26. gxf4 Qxd7 27. axb5 Rc8 28. bxc6 Nxc6 29. Rac1 Ne7 30. Qd2 Rf8 31. Qxa5 Rxf4 32. Qc7 Qxc7 33. Rxc7 Nf5 34. Rc8+ 1-0

[Event "SWE-chT 1314"]
[Site "Sweden"]
[Date "2013.11.22"]
[Round "1.2"]
[White "Eriksson, Anders"]
[Black "Lund, Silas"]
[Result "1-0"]
[WhiteElo "2310"]
[BlackElo "2414"]
[PlyCount "135"]
[EventDate "2013.11.22"]
[EventType "team-tourn"]
[EventRounds "9"]
[EventCountry "SWE"]
[SourceTitle "CBM 157 Extra"]
[Source "ChessBase"]
[SourceDate "2013.12.19"]
[SourceVersion "1"]
[SourceVersionDate "2013.12.19"]
[SourceQuality "1"]
[WhiteTeam "Vasteras"]
[BlackTeam "Lunds"]
[WhiteTeamCountry "SWE"]
[BlackTeamCountry "SWE"]

1. Nf3 d5 2. g3 Nc6 3. d4 Bg4 4. Bg2 e6 5. 0-0 Nf6 6. c4 Bd6 7. Nc3 0-0 8. Bg5 dxc4 9. Qa4 h6 10. Bxf6 Qxf6 11. Rad1 e5 12. Qxc4 Bxf3 13. Bxf3 Nxd4 14. Bxb7 Rab8 15. Qa6 Bb4 16. Nd5 Qxa6 17. Bxa6 Rfd8 18. Nxb4 Rxb4 19. b3 Kf8 20. Kg2 Rd6 21. Bc4 Ke7 22. e3 Ne6 23. f4 exf4 24. exf4 Rbb6 25. Rde1 Kf6 26. Re5 g5 27. Ra5 gxf4 28. Rxa7 Rd2+ 29. Rf2 Rxf2+ 30. Kxf2 fxg3+ 31. Kxg3 Ke5 32. Ra5+ c5 33. Bxe6 fxe6 34. Rxc5+ Kd4 35. Rc4+ Ke3 36. Rc3+ Kd4 37. Rc1 e5 38. Kf2 e4 39. Ke2 Rg6 40. Rc4+ Kd5 41. Ke3 Rg4 42. Rd4+ Ke5 43. Ra4 Rh4 44. Ra5+ Kd6 45. Kd4 h5 46. Rd5+ Kc6 47. Rc5+ Kb6 48. Rc2 Kb5 49. a3 Rh3 50. Rb2 e3 51. Re2 Rh4+ 52. Kc3 Rh3 53. Kd3 Kc5 54. b4+ Kb5 55. Rxe3 Rxh2 56. Re5+ Kc6 57. a4 Ra2 58. Rc5+ Kd6 59. a5 h4 60. Rh5 h3 61. Kc4 h2 62. Kb5 Rb2 63. Rh7 Kd5 64. a6 Kd4 65. a7 Ra2 66. Kb6 Kc4 67. Rh4+ Kd5 68. Rxh2 1-0

[Event "SWE-chT 1213"]
[Site "Sweden"]
[Date "2012.10.07"]
[Round "3"]
[White "Eriksson, Anders"]
[Black "Eriksson, Jorgen"]
[Result "1/2-1/2"]
[WhiteElo "2297"]
[BlackElo "2213"]
[PlyCount "107"]
[EventDate "2012.10.05"]
[EventType "team-tourn"]
[EventRounds "9"]
[EventCountry "SWE"]
[SourceTitle "EXT 2014"]
[Source "ChessBase"]
[SourceDate "2013.11.20"]
[SourceVersion "1"]
[SourceVersionDate "2013.11.20"]
[SourceQuality "1"]
[WhiteTeam "Vasteras"]
[BlackTeam "Umea Rockaden"]
[WhiteTeamCountry "SWE"]
[BlackTeamCountry "SWE"]

1. Nf3 e6 2. g3 b6 3. Bg2 Bb7 4. 0-0 Nf6 5. c4 c5 6. Nc3 Be7 7. Re1 d6 8. e4 Nbd7 9. d4 cxd4 10. Nxd4 0-0 11. Be3 Qc7 12. Rc1 Rac8 13. b3 Qb8 14. f4 Nc5 15. Bf2 Qa8 16. Qe2 Rfe8 17. b4 Ncd7 18. a3 Bf8 19. Nb3 g6 20. g4 a5 21. bxa5 bxa5 22. Nb5 a4 23. Nd2 Nc5 24. Bf3 Bc6 25. Bxc5 dxc5 26. g5 Nd7 27. e5 Bxf3 28. Nxf3 Red8 29. Nd2 Nb8 30. Ne4 Nc6 31. Red1 Rxd1+ 32. Rxd1 Rd8 33. Rxd8 Qxd8 34. Kf2 Be7 35. Qd2 Nd4 36. Qd3 Kg7 37. Ke3 Nf5+ 38. Kd2 Nd4 39. h3 h5 40. Nec3 Qa8 41. Qe4 Qd8 42. Nxd4 cxd4 43. Nb5 Qa5+ 44. Ke2 Bc5 45. Qc6 Bxa3 46. Nxa3 Qc3 47. Qf3 Qb2+ 48. Kd1 h4 49. Nc2 Qb1+ 50. Kd2 Qg1 51. Kd3 Qb1 52. Kd2 Qg1 53. Kd3 Qb1 54. Kd2 1/2-1/2

[Event "SWE-chT 1213"]
[Site "Sweden"]
[Date "2012.10.06"]
[Round "2"]
[White "Brynell, Stellan"]
[Black "Eriksson, Anders"]
[Result "0-1"]
[WhiteElo "2500"]
[BlackElo "2297"]
[PlyCount "100"]
[EventDate "2012.10.05"]
[EventType "team-tourn"]
[EventRounds "9"]
[EventCountry "SWE"]
[SourceTitle "EXT 2014"]
[Source "ChessBase"]
[SourceDate "2013.11.20"]
[SourceVersion "1"]
[SourceVersionDate "2013.11.20"]
[SourceQuality "1"]
[WhiteTeam "Limhamn"]
[BlackTeam "Vasteras"]
[WhiteTeamCountry "SWE"]
[BlackTeamCountry "SWE"]

1. d4 Nf6 2. Nf3 c5 3. d5 b5 4. c4 Bb7 5. Qc2 bxc4 6. e4 d6 7. Bxc4 g6 8. Nc3 Nbd7 9. 0-0 Bg7 10. h3 0-0 11. Re1 Nb6 12. Bf1 a5 13. Bg5 Ba6 14. Bxa6 Rxa6 15. Qd3 Qa8 16. Rad1 c4 17. Qe2 Re8 18. Be3 Nfd7 19. Bd4 a4 20. Bxg7 Kxg7 21. e5 dxe5 22. Nxe5 Nf6 23. Qd2 a3 24. bxa3 Rxa3 25. Qd4 Ra6 26. Re3 Rd8 27. Nc6 Rxd5 28. Nxd5 Nbxd5 29. Nxe7 Nxe3 30. Qxe3 Re6 31. Qc5 Qe8 32. Nxg6 Rc6 33. Qd4 hxg6 34. Rc1 Qe4 35. Qc3 Kh7 36. f3 Qf4 37. Rd1 g5 38. Rd4 Qc7 39. h4 gxh4 40. Rxh4+ Kg8 41. Rd4 Qb6 42. Kh2 Qc5 43. Rd8+ Kh7 44. a4 Ng4+ 45. Kg3 Qe5+ 46. Qxe5 Nxe5 47. Rd2 c3 48. Rc2 Nd3 49. a5 Nb4 50. Rc1 c2 0-1

[Event "SWE-chT 1112"]
[Site "Sweden"]
[Date "2012.03.09"]
[Round "7"]
[White "Eriksson, Anders"]
[Black "Schneider, Stefan"]
[Result "1-0"]
[WhiteElo "2295"]
[BlackElo "2351"]
[PlyCount "147"]
[EventDate "2011.10.07"]
[EventType "team-tourn"]
[EventRounds "9"]
[EventCountry "SWE"]
[SourceTitle "EXT 2013"]
[Source "ChessBase"]
[SourceDate "2012.11.22"]
[SourceVersion "1"]
[SourceVersionDate "2012.11.22"]
[SourceQuality "1"]
[WhiteTeam "Vasteras"]
[BlackTeam "Limhamn"]
[WhiteTeamCountry "SWE"]
[BlackTeamCountry "SWE"]

1. Nf3 d5 2. g3 c6 3. Bg2 Bg4 4. d4 Nd7 5. 0-0 e6 6. b3 Ngf6 7. Bb2 a5 8. c4 Be7 9. Nc3 h6 10. Ne5 Bf5 11. Nd3 0-0 12. Rc1 Bd6 13. e3 Qe7 14. Re1 Bb4 15. Qe2 Rfd8 16. Red1 Bh7 17. Na4 Ba3 18. cxd5 exd5 19. Bxa3 Qxa3 20. Ndc5 Nxc5 21. Nxc5 Rab8 22. Qd2 Re8 23. Rc3 Re7 24. Qc1 Qb4 25. a3 Qb6 26. Qb2 Ne4 27. Nxe4 Bxe4 28. b4 h5 29. Bxe4 Rxe4 30. b5 h4 31. Rb1 cxb5 32. Qxb5 Qg6 33. Rbc1 Qf5 34. Rc7 Qf3 35. Qd7 Re6 36. Rc8+ Rxc8 37. Qxc8+ Kh7 38. Qc2+ Rg6 39. Qd1 Qxd1+ 40. Rxd1 h3 41. Rb1 Rc6 42. Kf1 Rc2 43. Rxb7 Rc1+ 44. Ke2 Rh1 45. g4 Rxh2 46. Rb1 Kg6 47. Kf3 Kg5 48. Rb5 g6 49. Rxd5+ f5 50. gxf5 Rg2 51. Rd8 Kxf5 52. Rf8+ Ke6 53. Rh8 Rh2 54. Kg3 Rg2+ 55. Kxh3 Rxf2 56. Re8+ Kd5 57. Kg3 Ra2 58. Re5+ Kc4 59. Rxa5 Kd3 60. Re5 Rxa3 61. Kf4 Ra1 62. d5 Kc4 63. e4 Kd4 64. Re7 Rf1+ 65. Kg5 Rg1+ 66. Kf6 Kc5 67. Rc7+ Kd6 68. Rc6+ Kd7 69. e5 g5 70. e6+ Kd8 71. Rd6+ Ke8 72. Ra6 Rf1+ 73. Ke5 Rb1 74. Ra8+ 1-0

[Event "SWE-chT 1112"]
[Site "Sweden"]
[Date "2012.02.04"]
[Round "5"]
[White "Eriksson, Anders"]
[Black "Al Saadi, Ali Ghazi"]
[Result "1-0"]
[WhiteElo "2295"]
[BlackElo "2157"]
[PlyCount "77"]
[EventDate "2011.10.07"]
[EventType "team-tourn"]
[EventRounds "9"]
[EventCountry "SWE"]
[SourceTitle "EXT 2013"]
[Source "ChessBase"]
[SourceDate "2012.11.22"]
[SourceVersion "1"]
[SourceVersionDate "2012.11.22"]
[SourceQuality "1"]
[WhiteTeam "Vasteras"]
[BlackTeam "Eksjo"]
[WhiteTeamCountry "SWE"]
[BlackTeamCountry "SWE"]

1. Nf3 Nc6 2. d4 d5 3. g3 Bg4 4. Bg2 Qd7 5. h3 Bf5 6. c3 f6 7. b4 a5 8. b5 Na7 9. a4 Nc8 10. Nbd2 Nd6 11. Qb3 Be6 12. 0-0 c6 13. bxc6 bxc6 14. Kh2 Qc7 15. Ne1 Rb8 16. Qa2 Bf7 17. Nd3 Ne4 18. Qc2 Nxd2 19. Bxd2 Bg6 20. c4 Qd7 21. cxd5 cxd5 22. Bxa5 e6 23. Rfc1 Bd6 24. Nc5 Bxc5 25. Qxc5 Ne7 26. Bb4 Rb7 27. a5 Kf7 28. a6 Ra7 29. Bf1 Rc8 30. Qb6 Rc4 31. e3 Nc8 32. Qa5 Rxc1 33. Rxc1 Nd6 34. Bc5 Ra8 35. Bxd6 Qxd6 36. Qc7+ Qxc7 37. Rxc7+ Kf8 38. Bb5 Be8 39. Bxe8 1-0